000 00362nam a22001337a 4500
005 20151210090310.0
008 151210b xxu||||| |||| 00| 0 eng d
050 _aPR6045.O72
_bV6
100 _aWoolf Virginia
_920175
245 _aThe voyage out
_cby Woolf Virginia
260 _aLondon
_bGranada
_c1978
300 _a382p.;
_c18cm.
942 _2lcc
_cMONOGRAPH
999 _c123871
_d123871